000 00565nam a2200193 i 4500
001 71588
003 ES-MaACL
005 20250814070105.0
007 t|
008 040813s1967 sp ||||1| spa d
245 0 0 _aGeopolítica y geoestrategia.
260 _aZaragoza :
_bUniversidad de Zaragoza, Cátedra General Palafox de Cultura Militar,
_c1967.
300 _a1 v. ;
_c21 cm.
500 _aEs el v. 3.
650 7 _aGeografía militar
_2embne
_913082
650 4 _aGeopolítica.
_9138497
852 _aES-MaACL
_jP-1392
_bR.68593
999 _c71588
_d71588